| 000 | 02288cam a2200625 i 4500 | ||
|---|---|---|---|
| 001 | 768714001 | ||
| 003 | CO-MdFUSB | ||
| 005 | 20220531142622.0 | ||
| 008 | 190516t1971 ge |||g |||| 00| 0 eng d | ||
| 020 |
_a2009015700 _q(Las Odas de Salomón) |
||
| 020 |
_a0800660056 _q(1 Corintios) |
||
| 020 |
_a0800660099 _q(Galatas) |
||
| 020 |
_a0800660013 _q(Colosenses y Filemón) |
||
| 020 |
_a0800660064 _q(Santiago) |
||
| 020 |
_a080066003x _qEpístolas de Juan |
||
| 020 |
_a0800660048 _qHosea |
||
| 020 |
_a9780800660802 _q1 Isaías |
||
| 020 |
_a080066017X _qJeremías 1 |
||
| 020 |
_a0800660226 _qJeremías 2 |
||
| 020 |
_a0800660404 _qDaniel |
||
| 020 |
_a0800660234 _qAmos |
||
| 020 |
_a0800660242 _qEl cantar de los Cantares |
||
| 020 |
_a0800660129 _qMiqueas |
||
| 040 |
_aCO-MdFUSB _bspa _cCO-MdFUSB _dCO-MdFUSBC _erda |
||
| 041 |
_aeng _hger |
||
| 082 |
_224 _aR 225.7 _bH553 |
||
| 245 | 1 | 0 |
_aHermeneia _b: a critical and historical commentary on the Bible _c/ Frank Moore Cross ...[y otros doce autores ]; editado por Helmut Koester |
| 264 | 1 |
_aPhiladelphia, Pennsylvania : _bFortress Press, _c[1971] |
|
| 264 | 4 | _c© 1971 | |
| 300 |
_avolumenes _c; 24 cm |
||
| 336 |
_2rdacontent _atexto _btxt |
||
| 337 |
_2rdamedia _asin mediación _bn |
||
| 338 |
_2rdacarrier _avolumen _bnc |
||
| 490 | _aHermeneia--a critical and historical commentary on the Bible. | ||
| 501 | _aIncluye índices | ||
| 504 | _aIncluye bibliografía | ||
| 505 | _a-- Vol. 7a: 1 Corintios / Hans Conzelmann -- Vol. 8: Galatas / Hans Dieter Betz -- Vol. 11: Colosenses y Filemón / Eduard Lohse -- Vol. 17: Santiago / Martin Dibelius -- Vol. 21: Epístolas de Juan / Rudolph Bultmann -- Vol. 37: Las Odas de Salomón / Michael Lattke | ||
| 563 | _aPasta dura | ||
| 630 | 0 | 7 |
_aBiblia. _pCorintios, 1ª |
| 630 | 0 | 7 |
_aBiblia. _pGalatas |
| 630 | 0 | 7 |
_aBiblia. _pColosenses |
| 630 | 0 | 7 |
_aBiblia. _pFilemón |
| 630 | 0 | 7 |
_aBiblia. _pSantiago |
| 630 | 0 | 7 |
_aBiblia. _pJuan, 1ª |
| 630 | 0 | 7 |
_aBiblia _pIsaías |
| 630 | 0 | 7 |
_aBiblia. _pJeremías |
| 630 | 0 | 7 |
_aBiblia. _pDaniel |
| 630 | 0 | 7 |
_aBiblia. _pAmos |
| 630 | 0 | 7 |
_aBiblia. _pCantares |
| 630 | 0 | 7 |
_aBiblia. _pMiqueas |
| 653 | _aComentarios Bíblicos | ||
| 942 | _cREF | ||
| 945 | _aJTF-925 | ||
| 999 |
_c65051 _d65051 |
||